书目信息 |
| 题名: |
英语国家文化考点测评
|
|
| 作者: | 姚亚芝 , 宫玉波 , 滕继萌 编著 | |
| 分册: | ||
| 出版信息: | 上海 上海世界图书出版公司 2006.11 |
|
| 页数: | 164页 | |
| 开本: | 26cm | |
| 丛书名: | 北京环球时代学校英语专业考研点睛丛书 | |
| 单 册: | ||
| 中图分类: | H319.4 | |
| 科图分类: | ||
| 主题词: | 英语--ying yu--阅读教学--研究生--入学考试--自学参考资料 | |
| 电子资源: | ||
| ISBN: | 7-5062-5407-7 | |
| 000 | 01527nam 2200337 450 | |
| 001 | 012008746479 | |
| 005 | 20080421100546.46 | |
| 010 | @a7-5062-5407-7@dCNY19.80 | |
| 100 | @a20080419d2006 em y0chiy0120 ea | |
| 101 | 0 | @achi@aeng |
| 102 | @aCN@b310000 | |
| 105 | @ay a 000yy | |
| 106 | @ar | |
| 200 | 1 | @a英语国家文化考点测评@Aying yu guo jia wen hua kao dian ce ping@d= Culture of English speaking countries@f姚亚芝 ...[等] 编著@Fyao ya zhi...[deng]bian zhu@zeng |
| 210 | @a上海@c上海世界图书出版公司@d2006.11 | |
| 215 | @a164页@d26cm | |
| 225 | 2 | @a北京环球时代学校英语专业考研点睛丛书@Abei jing huan qiu shi dai xue xiao ying yu zhuan ye kao yan dian jing cong shu@e英语专业考研 |
| 225 | 2 | @a英语专业轻松应试系列丛书@Aying yu zhuan ye qing song ying shi xi lie cong shu@i英专考研系列 |
| 304 | @a题名页题: 姚亚芝, 宫玉波, 滕继萌, 马莉编著 | |
| 320 | @a有书目 (第164页) | |
| 330 | @a本书分为英国、美国、加拿大、澳大利亚和新西兰五个部分,每个部分根据主题分成数目不等的章节,每章包括一个凝炼的考点总结、各典型高校真题和大量的模拟练习题。 | |
| 410 | 0 | @12001 @a北京环球时代学校英语专业考研点睛丛书 |
| 410 | 0 | @12001 @a英语专业轻松应试系列丛书@i英专考研系列 |
| 510 | 1 | @aCulture of English speaking countries@zeng |
| 606 | 0 | @a英语@Aying yu@x阅读教学@x研究生@x入学考试@j自学参考资料 |
| 690 | @aH319.4@v4 | |
| 701 | 0 | @a姚亚芝@Ayao ya zhi@4编著 |
| 701 | 0 | @a宫玉波@Agong yu bo@4编著 |
| 701 | 0 | @a滕继萌@Ateng ji meng@4编著 |
| 801 | 0 | @aCN@bQSSK@c20080421 |
| 905 | @b294174-78@dH319.4@eY379@f5 | |
| 英语国家文化考点测评= Culture of English speaking countries/姚亚芝 ...[等] 编著.-上海:上海世界图书出版公司,2006.11 |
| 164页;26cm.-(北京环球时代学校英语专业考研点睛丛书:英语专业考研).-(英语专业轻松应试系列丛书.英专考研系列) |
| ISBN 7-5062-5407-7:CNY19.80 |
| 本书分为英国、美国、加拿大、澳大利亚和新西兰五个部分,每个部分根据主题分成数目不等的章节,每章包括一个凝炼的考点总结、各典型高校真题和大量的模拟练习题。 |
| ● |
| 相关链接 |
|
|
|
正题名:英语国家文化考点测评
索取号:H319.4/Y379
 
预约/预借
| 序号 | 登录号 | 条形码 | 馆藏地/架位号 | 状态 | 备注 |
| 1 | 294174 | 202941745 | 社科二线400B/400B社科库 10排2列1层/ [索取号:H319.4/Y379] | 在馆 | |
| 2 | 294175 | 202941754 | 社科二线400B/400B社科库 10排2列1层/ [索取号:H319.4/Y379] | 在馆 | |
| 3 | 294176 | 202941763 | 社科二线400B/400B社科库 10排2列1层/ [索取号:H319.4/Y379] | 在馆 | |
| 4 | 294177 | 202941772 | 社科二线400B/400B社科库 10排2列1层/ [索取号:H319.4/Y379] | 在馆 | |
| 5 | 294178 | 202941781 | 社科二线400B/400B社科库 10排2列1层/ [索取号:H319.4/Y379] | 在馆 |